Tintin : les bêtises de Milou (mort subite) - Statistiques

Statistiques générales
  • Ce quiz a été pris 74 fois
  • Le résultat moyen est 22 sur 28
Answers on the Grid
Answers color-coded by a green-red scale on the quiz's grid according to % correct below.
Il boit de l'alcool dès qu'il en a l'occasion.
Il fonce dans une cheminée et en sort couvert de suie.
Il risque sa vie pour un os et celui-ci explose quand on lui tire dessus alors qu'il est dans sa gueule.
Il se trompe dans les paroles de l'Air des Bijoux en le chantant
Il fait tomber une armure alors qu'il court après le chat de Haddock
Il se cogne contre un rocher en poursuivant un lézard
Il vole un poulet (heureusement pas dans l'exercice de ses fonctions)
Il ronge sa laisse
Il ronge des os au sommet d'une montagne après y avoir été déposé par un condor
Il fume sur les plages françaises alors que c'est interdit depuis le 1er juillet 2025
Il souffle dans une flûte des morts en forme d'os
Il vole un gigot
Il fait tomber le plateau de Nestor en courant après le chat de Haddock
Il mange un morceau de journal
Il compose le numéro de la boucherie Sanzot
Il essaye de manger un poulet frigorifié
Il traite Tournesol de zouave
il achète de la poudre à éternuer faisant accuser Abdallah à sa place
Il perd un message que lui a donné Tintin pour être secouru, tout ça pour ronger un os
Il dessine une moustache sur un portrait de Bianca Castafiore
Il rentre sa tête dans un terrier pour y dénicher on ne sait quoi
Il se fait pincer par un crabe en reniflant l'eau de la mer
Il vole un os au guépard Aïcha
Il fait tomber un homme pour récupérer un parapluie qu'il croit être celui de Tournesol
Il vole un os de diplodocus dans le musée d'histoire naturelle
Il saccage au moins 2 cuisines
Il saute sur l'aile d'un avion
Il mord la patte d'une chèvre et d'une vache sacrée
Il ramène un os au lieu de chercher la piste d'un bandit
Il tombe dans les chardons en poursuivant un lièvre
Il fouille dans une poubelle et se retrouve avec une boîte de crabe coincée dans la gueule
Il donne un coup avec un os sur la tête de Tintin alors qu'il doit le faire sur Haddock
Il entre dans une armoire où il y a une souricière
Il tire sur les cheveux des Dupond/Dupont
 
Statistiques - réponses
Réponse % Correct
Il boit de l'alcool dès qu'il en a l'occasion.
96%
Il fonce dans une cheminée et en sort couvert de suie.
94%
Il fait tomber une armure alors qu'il court après le chat de Haddock
85%
Il fait tomber le plateau de Nestor en courant après le chat de Haddock
83%
Il se cogne contre un rocher en poursuivant un lézard
83%
Il vole un os au guépard Aïcha
83%
Il essaye de manger un poulet frigorifié
81%
Il fouille dans une poubelle et se retrouve avec une boîte de crabe coincée dans la gueule
81%
Il mange un morceau de journal
81%
Il perd un message que lui a donné Tintin pour être secouru, tout ça pour ronger un os
81%
Il ronge des os au sommet d'une montagne après y avoir été déposé par un condor
81%
Il saccage au moins 2 cuisines
81%
Il se fait pincer par un crabe en reniflant l'eau de la mer
81%
Il vole un gigot
81%
Il ronge sa laisse
79%
Il vole un os de diplodocus dans le musée d'histoire naturelle
79%
Il mord la patte d'une chèvre et d'une vache sacrée
77%
Il ramène un os au lieu de chercher la piste d'un bandit
77%
Il vole un poulet (heureusement pas dans l'exercice de ses fonctions)
77%
Il souffle dans une flûte des morts en forme d'os
75%
Il tombe dans les chardons en poursuivant un lièvre
75%
Il donne un coup avec un os sur la tête de Tintin alors qu'il doit le faire sur Haddock
74%
Il fait tomber un homme pour récupérer un parapluie qu'il croit être celui de Tournesol
74%
Il rentre sa tête dans un terrier pour y dénicher on ne sait quoi
74%
Il risque sa vie pour un os et celui-ci explose quand on lui tire dessus alors qu'il est dans sa gueule.
74%
Il saute sur l'aile d'un avion
72%
Il entre dans une armoire où il y a une souricière
70%
Il tire sur les cheveux des Dupond/Dupont
62%
Aucun quiz correspondant
Distribution des résultats
% des personnes avec chaque résultat
Percentile par nombre de réponses
Votre historique - résultats
Vous n’avez pas pris ce quiz